000 00745nam a2200241 a 4500
005 20260322212037.0
008 data
010 _a 76029788
020 _a0912862319
020 _a9780912862316
043 _an-us---
050 0 _aRA971
_b.P47
096 _aWX 150 P422m 1976
100 1 _aPerlin, Martin S.
245 1 0 _aManaging institutional planning :
_bhealth facilities and PL 93-641 /
_cMartin S. Perlin.
260 _aGermantown, Md. :
_bAspen Systems Corp.,
_c1976.
300 _axiii, 149 p. :
_bill. ;
_c24 cm.
504 _aIncludes bibliographical references and index.
650 0 _aHospitals
_xPlanning.
650 0 _aHospitals
_xAdministration.
650 0 _aHealth planning
_xLaw and legislation
_zUnited States.
001 data
999 _c872
_d872